Memphis Grizzlies All-Decade Teams - Statistics

General Stats
  • This quiz has been taken 13 times
    9 since last reset
  • The average score is 14 of 20
Answer Stats
Decade Position Years WS Player % Correct
2020s SG 2021-2025 25.5 Desmond Bane
100%
2020s PG 2020-2026 24.3 Ja Morant
100%
2020s C/PF 2020-2026 26.8 Jaren Jackson Jr.
100%
2010s C 2010-2019 71.0 Marc Gasol
100%
2000s PF/C 2002-2008 53.8 Pau Gasol
100%
2010s SF 2010-2013 20.3 Rudy Gay
100%
2010s PF 2010-2017 51.2 Zach Randolph
100%
2010s PG 2010-2019 65.8 Mike Conley
86%
1990s SF/PF 1997-1999 14.4 Shareef Abdur-Rahim
86%
2010s SG 2011-2017 26.3 Tony Allen
86%
2000s PG 2002-2005 15.3 Jason Williams
71%
2020s SF 2020-2026 14.8 John Konchar
71%
2000s SF/SG 2003-2008 29.2 Mike Miller
71%
2000s SF/SG 2002-2006 33.8 Shane Battier
71%
2020s PF 2020-2026 24.6 Brandon Clarke
57%
1990s C 1996-1999 9.5 Bryant Reeves
43%
1990s PG 1996-1997 8.3 Greg Anthony
43%
2000s PF/C 2001-2008 18.5 Stromile Swift
14%
1990s SF/SG 1996-1998 3.9 Blue Edwards
0%
1990s SF 1997-1998 4.0 George Lynch
0%
No matching quizzes found
Score Distribution
Percent of People with Each Score
Percentile by Number Answered
Your Score History
You have not taken this quiz since the last reset